[Event "Titled Tue 24th Jun Late"]
[Site "chess.com INT"]
[Date "2025.06.24"]
[Round "3"]
[White "Guliev, Gasan"]
[Black "Bucci, Andrea"]
[Result "1-0"]
[WhiteTitle "CM"]
[WhiteElo "2123"]
[BlackElo "1526"]
[WhiteFideId "34165638"]
[BlackFideId "28546890"]
[EventDate "2025.06.24"]

1. d4 Nf6 2. Bg5 g6 3. Bxf6 exf6 4. e3 Bg7 5. Bc4 O-O 6. h4 h5 7. Qd3 Qe8 8.
Qxg6 c6 9. Qxh5 d5 10. Bd3 f5 11. g4 f6 12. Qxe8 Rxe8 13. Bxf5 Nd7 14. Ne2 Kf7
15. h5 Bh6 16. Bg6+ 1-0

[Event "Titled Tue 24th Jun Late"]
[Site "chess.com INT"]
[Date "2025.06.24"]
[Round "3"]
[White "Mitrabha, Guha"]
[Black "Mikhalevski, Victor"]
[Result "1-0"]
[WhiteTitle "GM"]
[BlackTitle "GM"]
[WhiteElo "2515"]
[BlackElo "2492"]
[WhiteFideId "5057000"]
[BlackFideId "2801914"]
[EventDate "2025.06.24"]

1. Nf3 d5 2. d4 g6 3. c4 Nf6 4. cxd5 Nxd5 5. e4 Nb6 6. h4 Bg4 7. h5 Bxh5 8. Rxh5
gxh5 9. Ng5 Qd6 10. e5 Qc6 11. Nc3 N8d7 12. e6 Nf6 13. Bb5 1-0

[Event "Titled Tue 24th Jun Late"]
[Site "chess.com INT"]
[Date "2025.06.24"]
[Round "3"]
[White "Lin, Bryan Enming"]
[Black "Bratovic, Blaz"]
[Result "1-0"]
[WhiteTitle "FM"]
[BlackTitle "IM"]
[WhiteElo "2343"]
[BlackElo "2319"]
[WhiteFideId "30987121"]
[BlackFideId "14603551"]
[EventDate "2025.06.24"]

1. e4 c5 2. Nf3 d6 3. d4 cxd4 4. Nxd4 Nf6 5. Nc3 a6 6. h4 e6 7. g4 b5 8. g5 Nfd7
9. a3 Bb7 10. f4 Nc6 11. Be3 Nxd4 12. Qxd4 Qc7 13. O-O-O O-O-O 14. Bg2 e5 15.
Qd2 exf4 16. Bxf4 Ne5 17. Rh3 g6 18. Nd5 Bxd5 19. Qxd5 Qb7 20. Rc3+ Kb8 21.
Qxb7+ Kxb7 22. Bxe5 1-0

[Event "Titled Tue 24th Jun Late"]
[Site "chess.com INT"]
[Date "2025.06.24"]
[Round "3"]
[White "Makaraci, Tunahan"]
[Black "Dyachuk, Artem"]
[Result "0-1"]
[WhiteTitle "FM"]
[BlackTitle "FM"]
[WhiteElo "2233"]
[BlackElo "2374"]
[WhiteFideId "6356559"]
[BlackFideId "34107924"]
[EventDate "2025.06.24"]

1. e4 e5 2. Nf3 Nc6 3. d4 exd4 4. Nxd4 Nf6 5. Nxc6 bxc6 6. e5 Qe7 7. Qe2 Nd5 8.
c4 Ba6 9. b3 Qh4 10. a3 Rb8 11. Nd2 Qd4 12. Qd1 Bc5 0-1

[Event "Titled Tue 24th Jun Late"]
[Site "chess.com INT"]
[Date "2025.06.24"]
[Round "3"]
[White "Gomes, Luiz Alexandre de Souza"]
[Black "Watanabe, Akira"]
[Result "1-0"]
[WhiteTitle "FM"]
[BlackTitle "FM"]
[WhiteElo "2254"]
[BlackElo "2284"]
[WhiteFideId "2102790"]
[BlackFideId "7000227"]
[EventDate "2025.06.24"]

1. e4 c5 2. Nf3 d6 3. d4 cxd4 4. Nxd4 Nf6 5. Nc3 a6 6. Rg1 e6 7. g4 h6 8. h4 h5
9. g5 Ng4 10. g6 fxg6 11. Rxg4 hxg4 12. Qxg4 Kf7 13. Nf3 Qf6 14. Bg5 e5 15. Bc4+ 1-0

[Event "Titled Tue 24th Jun Late"]
[Site "chess.com INT"]
[Date "2025.06.24"]
[Round "3"]
[White "Claverie, Christophe"]
[Black "Norowitz, Yaacov"]
[Result "0-1"]
[WhiteTitle "IM"]
[BlackTitle "IM"]
[WhiteElo "2290"]
[BlackElo "2400"]
[WhiteFideId "605514"]
[BlackFideId "2024799"]
[EventDate "2025.06.24"]

1. d4 Nf6 2. Bg5 e6 3. Nd2 h6 4. Bh4 c5 5. e3 Qb6 6. Nc4 Qc7 7. Bg3 Qd8 8. Nd6+
Bxd6 9. Bxd6 cxd4 10. exd4 Ne4 11. Ba3 d6 12. Bd3 Nf6 13. Ne2 O-O 14. O-O b6 15.
Ng3 Ba6 16. c4 Re8 17. Re1 d5 18. b3 Nc6 19. Bb2 dxc4 20. bxc4 Na5 21. Rc1 Rc8
22. Qa4 Qd7 23. Qxd7 Nxd7 24. Nf1 Bxc4 0-1

[Event "Titled Tue 24th Jun Late"]
[Site "chess.com INT"]
[Date "2025.06.24"]
[Round "3"]
[White "Jammalamadaka, Vihaan"]
[Black "Hariharan, Shambavi"]
[Result "1-0"]
[WhiteTitle "CM"]
[BlackTitle "WCM"]
[WhiteElo "2018"]
[BlackElo "1936"]
[WhiteFideId "30977134"]
[BlackFideId "488160"]
[EventDate "2025.06.24"]

1. c4 e6 2. e4 d5 3. cxd5 exd5 4. exd5 Nf6 5. Nc3 Nxd5 6. Nf3 Be7 7. Bc4 Nxc3 8.
bxc3 O-O 9. h3 Bf5 10. d4 c6 11. O-O Nd7 12. Re1 Bf6 13. Ba3 Re8 14. Qb3 Rxe1+
15. Rxe1 Nb6 16. Bxf7+ Kh8 17. Re8+ 1-0

[Event "Titled Tue 24th Jun Late"]
[Site "chess.com INT"]
[Date "2025.06.24"]
[Round "3"]
[White "Tari, Aryan"]
[Black "Zdorov, Egor Vit"]
[Result "1-0"]
[WhiteTitle "GM"]
[BlackTitle "CM"]
[WhiteElo "2636"]
[BlackElo "2101"]
[WhiteFideId "1510045"]
[BlackFideId "55688560"]
[EventDate "2025.06.24"]

1. e4 e5 2. Nf3 Nc6 3. d4 exd4 4. Nxd4 Bc5 5. Nxc6 Qf6 6. Qf3 dxc6 7. Nc3 Be6 8.
Be3 Bb4 9. O-O-O Bxc3 10. bxc3 Qxc3 11. Bd4 Qxf3 12. gxf3 f6 13. Rg1 Kf7 14. f4
b5 15. f5 Bxa2 16. Bc5 Ne7 17. Kb2 Bc4 18. Bxc4+ bxc4 19. Bxe7 Kxe7 20. Rxg7+
Ke8 21. Rdd7 Kf8 22. f4 h5 23. e5 h4 24. e6 h3 25. Rxc7 1-0

[Event "Titled Tue 24th Jun Late"]
[Site "chess.com INT"]
[Date "2025.06.24"]
[Round "3"]
[White "Sivakumar, Shaaketh"]
[Black "Leschinsky, Gary"]
[Result "1-0"]
[WhiteTitle "FM"]
[WhiteElo "2279"]
[BlackElo "1992"]
[WhiteFideId "30940176"]
[BlackFideId "30951321"]
[EventDate "2025.06.24"]

1. e4 c5 2. Nf3 e6 3. g3 d5 4. exd5 exd5 5. Bg2 Nf6 6. O-O Be7 7. d4 O-O 8. Bg5
Nc6 9. dxc5 Bxc5 10. Nc3 d4 11. Bxf6 Qxf6 12. Ne4 Qe7 13. Nxc5 Qxc5 14. Ne1 Bf5
15. Nd3 Qb5 16. Re1 Bxd3 17. Qxd3 Qxb2 18. Rab1 Qxa2 19. Rxb7 Rac8 20. Be4 g6
21. Qf3 Qc4 22. Bd5 Qxc2 23. Rxf7 1-0

[Event "Titled Tue 24th Jun Late"]
[Site "chess.com INT"]
[Date "2025.06.24"]
[Round "3"]
[White "Clawitter, Craig"]
[Black "Garcia Cuenca, Victor"]
[Result "1-0"]
[BlackTitle "FM"]
[WhiteElo "2050"]
[BlackElo "2284"]
[WhiteFideId "2023105"]
[BlackFideId "2250829"]
[EventDate "2025.06.24"]

1. e4 b6 2. d4 Bb7 3. Bd3 e6 4. Ne2 c5 5. O-O cxd4 6. Nxd4 Nc6 7. Nxc6 Bxc6 8.
Qe2 d6 9. c4 Nf6 10. Nc3 Be7 11. f4 h5 12. Bd2 a6 13. Kh1 Qc7 14. Rae1 Qb7 15.
e5 dxe5 16. fxe5 Ng4 17. h3 Rd8 18. hxg4 hxg4+ 19. Kg1 Bc5+ 20. Be3 Bxg2 21.
Qxg2 Bxe3+ 22. Rxe3 1-0

[Event "Titled Tue 24th Jun Late"]
[Site "chess.com INT"]
[Date "2025.06.24"]
[Round "3"]
[White "Estrada Nieto, Julian"]
[Black "Izafatava, Kira"]
[Result "1-0"]
[WhiteTitle "IM"]
[BlackTitle "WCM"]
[WhiteElo "2181"]
[BlackElo "2036"]
[WhiteFideId "5101018"]
[BlackFideId "13521705"]
[EventDate "2025.06.24"]

1. e4 c5 2. Nf3 e6 3. c3 Nf6 4. e5 Nd5 5. Bc4 Nb6 6. Bb3 Nc6 7. d4 cxd4 8. cxd4
Be7 9. O-O O-O 10. Nc3 d6 11. Qe2 Na5 12. Bc2 Bd7 13. exd6 Bxd6 14. Ne5 Nc6 15.
Nf3 Nd5 16. Qe4 Nf6 17. Qh4 e5 18. Bg5 exd4 19. Bxf6 Qxf6 20. Qxh7# 1-0

[Event "Titled Tue 24th Jun Late"]
[Site "chess.com INT"]
[Date "2025.06.24"]
[Round "3"]
[White "Swara Lakshmi S Nair"]
[Black "Borges, Wagner da Silva"]
[Result "1-0"]
[WhiteTitle "WCM"]
[BlackTitle "CM"]
[WhiteElo "2187"]
[BlackElo "2062"]
[WhiteFideId "25629239"]
[BlackFideId "2100401"]
[EventDate "2025.06.24"]

1. e4 c5 2. Nf3 d6 3. d4 cxd4 4. Nxd4 Nf6 5. Nc3 g6 6. Be3 Bg7 7. f3 Nc6 8. Qd2
Bd7 9. O-O-O h5 10. Bc4 Rc8 11. Bb3 Ne5 12. Nd5 Nc4 13. Bxc4 Rxc4 14. Kb1 O-O
15. Nb3 Nxd5 16. exd5 Bf5 17. Rc1 a5 18. Nxa5 Rb4 19. Qxb4 1-0

[Event "Titled Tue 24th Jun Late"]
[Site "chess.com INT"]
[Date "2025.06.24"]
[Round "3"]
[White "Moeller, Maurin"]
[Black "Adewumi, Tanitoluwa"]
[Result "0-1"]
[WhiteTitle "FM"]
[BlackTitle "FM"]
[WhiteElo "2336"]
[BlackElo "2362"]
[WhiteFideId "16265696"]
[BlackFideId "30966396"]
[EventDate "2025.06.24"]

1. Nf3 Nf6 2. c4 b6 3. e3 Bb7 4. Nc3 h6 5. b3 g6 6. Bb2 Bg7 7. Qc2 O-O 8. Be2 a5
9. Rg1 Na6 10. a3 d6 11. g4 Nd7 12. d4 e5 13. d5 Ndc5 14. g5 h5 15. Nd2 Bc8 16.
O-O-O Bf5 17. e4 Bd7 18. Rdf1 f5 19. gxf6 Qxf6 20. f4 exf4 21. Nd1 Qf7 22. Rxf4
Qxf4 23. Rxg6 Rf7 24. Qc3 Qxd2+ 0-1

[Event "Titled Tue 24th Jun Late"]
[Site "chess.com INT"]
[Date "2025.06.24"]
[Round "3"]
[White "Brady, Tyson"]
[Black "Steinberg, Nitzan"]
[Result "1-0"]
[WhiteTitle "CM"]
[BlackTitle "GM"]
[WhiteElo "2170"]
[BlackElo "2554"]
[WhiteFideId "30970369"]
[BlackFideId "2801795"]
[EventDate "2025.06.24"]

1. c4 e5 2. Nc3 Nf6 3. g3 h5 4. h4 Bc5 5. Bg2 d6 6. e3 Nc6 7. Nge2 Bg4 8. a3 a6
9. b4 Ba7 10. Bb2 Qd7 11. Nd5 Nxd5 12. cxd5 Ne7 13. d3 O-O 14. O-O Bh3 15. Nc3
Bxg2 16. Kxg2 g6 17. Qb3 f5 18. Rae1 f4 19. exf4 exf4 20. Re6 fxg3 21. Ne4 gxf2
22. Qc3 Nxd5 23. Qh8+ Kf7 24. Ng5# 1-0

[Event "Titled Tue 24th Jun Late"]
[Site "chess.com INT"]
[Date "2025.06.24"]
[Round "3"]
[White "Alvarado, Carlos"]
[Black "Sarasketa Irastortza, Oier"]
[Result "1-0"]
[WhiteTitle "CM"]
[BlackTitle "CM"]
[WhiteElo "2032"]
[BlackElo "2190"]
[WhiteFideId "3800555"]
[BlackFideId "54728207"]
[EventDate "2025.06.24"]

1. Nf3 Nf6 2. d4 d5 3. c4 e6 4. Nc3 Bb4 5. Qa4+ Nc6 6. Bg5 h6 7. Bh4 O-O 8. e3
Re8 9. a3 Be7 10. Qc2 dxc4 11. Bxc4 Bd6 12. Rd1 g5 13. Bg3 Qe7 14. Ne5 Bd7 15.
h4 g4 16. h5 Bxe5 17. dxe5 Nh7 18. Qe4 Qg5 19. Rxd7 1-0

[Event "Titled Tue 24th Jun Late"]
[Site "chess.com INT"]
[Date "2025.06.24"]
[Round "3"]
[White "Hua, Lefong"]
[Black "Ibarra Jerez, Jose Carlos"]
[Result "0-1"]
[WhiteTitle "FM"]
[BlackTitle "GM"]
[WhiteElo "2305"]
[BlackElo "2545"]
[WhiteFideId "2602253"]
[BlackFideId "2226332"]
[EventDate "2025.06.24"]

1. d4 Nf6 2. c4 d6 3. Nc3 e5 4. Nf3 e4 5. Ng5 Qe7 6. g3 h6 7. Nh3 c6 8. Bg2 Bf5
9. O-O Qd7 10. f3 exf3 11. exf3 Bxh3 12. Re1+ Be7 13. Be3 Bxg2 14. Kxg2 O-O 15.
Qd2 Re8 16. Re2 Bf8 17. Rae1 Na6 18. b3 d5 19. c5 Re6 20. a3 Rae8 21. b4 Nc7 22.
a4 a6 23. h4 h5 24. Qd3 g6 25. Nd1 Bg7 26. Nf2 R8e7 27. Nh3 Nh7 28. Nf4 Rf6 29.
Bf2 Rxe2 30. Rxe2 Bh6 31. Nh3 Re6 32. Rb2 Qe8 33. Ng1 Be3 34. Nh3 Kg7 35. Be1
Bc1 0-1

[Event "Titled Tue 24th Jun Late"]
[Site "chess.com INT"]
[Date "2025.06.24"]
[Round "3"]
[White "Arias Igual, Alejandro"]
[Black "Weisz, Bryan"]
[Result "1-0"]
[WhiteTitle "FM"]
[WhiteElo "2242"]
[BlackElo "2059"]
[WhiteFideId "2254905"]
[BlackFideId "30934133"]
[EventDate "2025.06.24"]

1. e4 e6 2. d4 Ke7 3. Nf3 Ke8 4. c4 d5 5. cxd5 exd5 6. exd5 Qxd5 7. Nc3 Qh5 8.
Be2 Nf6 9. O-O c6 10. Bf4 Bg4 11. h3 Bxf3 12. Bxf3 Qa5 13. Re1+ Kd8 14. Qb3 Nbd7
15. Qxf7 Bb4 16. a3 Bxc3 17. bxc3 Qxc3 18. Qxg7 Rg8 19. Qe7+ Kc8 20. Qd6 Qa5 21.
Re7 Qd8 22. Rae1 a5 23. Bxc6 Ra6 24. Bxd7+ Qxd7 25. Qb8# 1-0

[Event "Titled Tue 24th Jun Late"]
[Site "chess.com INT"]
[Date "2025.06.24"]
[Round "3"]
[White "Ghimoyan, Narek"]
[Black "Klukin, Kirill"]
[Result "1/2-1/2"]
[WhiteTitle "CM"]
[BlackTitle "IM"]
[WhiteElo "2273"]
[BlackElo "2401"]
[WhiteFideId "13315412"]
[BlackFideId "24199273"]
[EventDate "2025.06.24"]

1. d4 d5 2. c4 e6 3. Nf3 c6 4. e3 f5 5. Nc3 Nf6 6. Bd3 Bd6 7. O-O O-O 8. b3 Qe7
9. Bb2 b6 10. Ne2 Bb7 11. Ne5 Nbd7 12. cxd5 exd5 13. Bxf5 Nxe5 14. dxe5 Bxe5 15.
Bxe5 Qxe5 16. Bc2 c5 17. Ng3 Rad8 18. Rc1 d4 19. exd4 Rxd4 20. Qe1 Qd5 21. f3 g6
22. Ne4 Nxe4 23. Bxe4 Qd7 24. Bxb7 Qxb7 25. Qe6+ Qf7 26. Qxf7+ Kxf7 27. Rc2 Rfd8
28. g4 g5 29. Rff2 Kf6 30. Kg2 h6 31. Kg3 Re8 32. h4 Re1 33. hxg5+ hxg5 34. Rce2
Rdd1 35. Rxe1 Rxe1 36. f4 gxf4+ 37. Kxf4 Rg1 38. Rd2 Rf1+ 39. Ke4 Rg1 40. Kf4
Rf1+ 41. Ke4 Rg1 42. Kf4 1/2-1/2

[Event "Titled Tue 24th Jun Late"]
[Site "chess.com INT"]
[Date "2025.06.24"]
[Round "3"]
[White "Sethuraman, Roshan"]
[Black "Goldbeck, Lars"]
[Result "1-0"]
[BlackTitle "FM"]
[WhiteElo "2074"]
[BlackElo "2391"]
[WhiteFideId "30965250"]
[BlackFideId "16208188"]
[EventDate "2025.06.24"]

1. e4 c6 2. Nf3 d5 3. Nc3 dxe4 4. Nxe4 Nf6 5. Qe2 Bf5 6. Nxf6+ gxf6 7. d3 c5 8.
Be3 Nc6 9. Qd2 e6 10. Be2 h5 11. c3 Qd7 12. d4 cxd4 13. Nxd4 Nxd4 14. Qxd4 Qxd4
15. Bxd4 e5 16. Bb5+ Bd7 17. Bxd7+ Kxd7 18. Be3 Ke6 19. O-O-O a6 20. Rhe1 Be7
21. Bb6 Rac8 22. f4 Bd6 23. Kc2 Rc6 24. Bf2 Rg8 25. g3 Kf5 26. fxe5 fxe5 27. Bg1
Ke6 28. b3 f5 29. c4 e4 30. Be3 Be5 31. Rd5 h4 32. gxh4 Bxh2 33. Rf1 Be5 34. Bf4
Rd6 35. Rxe5+ 1-0

[Event "Titled Tue 24th Jun Late"]
[Site "chess.com INT"]
[Date "2025.06.24"]
[Round "3"]
[White "Tica, Sven"]
[Black "Jumabayev, Rinat"]
[Result "0-1"]
[WhiteTitle "IM"]
[BlackTitle "GM"]
[WhiteElo "2442"]
[BlackElo "2546"]
[WhiteFideId "14526948"]
[BlackFideId "13702661"]
[EventDate "2025.06.24"]

1. Nf3 Nf6 2. g3 c5 3. Bg2 Nc6 4. O-O e5 5. d3 d5 6. Nbd2 Be7 7. e4 d4 8. h3 Qc7
9. Ne1 g5 10. f4 gxf4 11. gxf4 Rg8 12. f5 Bd7 13. a4 O-O-O 14. Nc4 h5 15. Kh2
Rg7 16. Nf3 Rdg8 17. Rg1 Ng4+ 18. hxg4 hxg4 19. Ng5 Bxg5 20. Bxg5 Rxg5 21. Kg3
Bxf5 22. Qf1 Be6 23. Rh1 f5 24. Rh6 f4+ 25. Kf2 Bxc4 26. dxc4 0-1

[Event "Titled Tue 24th Jun Late"]
[Site "chess.com INT"]
[Date "2025.06.24"]
[Round "3"]
[White "Kravtsiv, Martyn"]
[Black "Salonen, Aku"]
[Result "1-0"]
[WhiteTitle "GM"]
[BlackTitle "FM"]
[WhiteElo "2598"]
[BlackElo "2330"]
[WhiteFideId "14113147"]
[BlackFideId "517577"]
[EventDate "2025.06.24"]

1. e4 c5 2. Nc3 a6 3. Nf3 d6 4. d4 cxd4 5. Qxd4 Nc6 6. Qd3 g6 7. Be2 Bg7 8. O-O
Nf6 9. Nd5 O-O 10. c3 Nd7 11. Bg5 Nc5 12. Qc2 f5 13. exf5 Bxf5 14. Qd1 h6 15.
Bh4 g5 16. Bg3 e6 17. Ne3 d5 18. Nxf5 exf5 19. Bc7 Qd7 20. Bb6 Ne4 21. Bc4 Ne7
22. Bb3 f4 23. Re1 Kh8 24. Rxe4 Qd6 25. Bd4 1-0

[Event "Titled Tue 24th Jun Late"]
[Site "chess.com INT"]
[Date "2025.06.24"]
[Round "3"]
[White "Fernandes, Rogerio Paulo Muller"]
[Black "Mata Gonzalez, Jose Fernando"]
[Result "1-0"]
[BlackTitle "CM"]
[WhiteElo "2241"]
[BlackElo "2164"]
[WhiteFideId "2101599"]
[BlackFideId "5107423"]
[EventDate "2025.06.24"]

1. c4 Nf6 2. g3 e5 3. Bg2 c6 4. Nf3 Bd6 5. Nc3 Bc7 6. O-O O-O 7. d3 d6 8. Rb1
Nbd7 9. b4 h6 10. a4 Rb8 11. b5 c5 12. Ne1 Ba5 13. Bd2 b6 14. Nc2 Bb7 15. Bxb7
Rxb7 16. e4 Kh8 17. Ne3 Bxc3 18. Bxc3 g6 19. f4 Kh7 20. f5 g5 21. g4 Kg7 22. Kg2
Rh8 23. h3 Rb8 24. Rh1 Qc7 25. Ra1 Qb7 26. a5 bxa5 27. Rxa5 Nb6 28. Nd5 Nfxd5
29. exd5 Rhe8 30. Qf3 f6 31. Rha1 Ra8 32. Qe4 Nd7 33. Ra6 Nb6 34. Be1 Rh8 35. h4
Kf7 36. h5 Rhe8 37. Ba5 Reb8 38. Kf3 Kg7 39. Qe2 Kf7 40. Kg3 Re8 41. Qa2 e4 42.
Bxb6 exd3 43. Rxa7 Rxa7 44. Qxa7 Rb8 45. Qxb7+ Rxb7 46. Ba5 Ra7 47. Kf3 d2 48.
Ke2 Re7+ 49. Kxd2 Re4 50. b6 Re7 51. Rb1 Rb7 52. Kd3 Ke7 53. Re1+ Kd7 54. Re6
Rb8 55. Rxf6 Ra8 56. b7 Rb8 57. Rf7+ Ke8 58. Rh7 1-0

[Event "Titled Tue 24th Jun Late"]
[Site "chess.com INT"]
[Date "2025.06.24"]
[Round "3"]
[White "Deichmann, Esteban Horacio"]
[Black "Garcia Hernandez, Rebeca"]
[Result "1-0"]
[BlackTitle "WCM"]
[WhiteElo "2103"]
[BlackElo "1904"]
[WhiteFideId "167410"]
[BlackFideId "5180872"]
[EventDate "2025.06.24"]

1. e4 c5 2. f4 d5 3. exd5 e6 4. dxe6 Bxe6 5. Nf3 Nf6 6. Bb5+ Nbd7 7. O-O Be7 8.
c3 O-O 9. d4 Qb6 10. Bxd7 Bxd7 11. Kh1 Bg4 12. Nbd2 cxd4 13. cxd4 Rfd8 14. Nc4
Qc7 15. Nce5 Bh5 16. Be3 Nd5 17. Qe2 Nxe3 18. Qxe3 Bxf3 19. Rxf3 Bf6 20. Rc1 Qb6
21. Qb3 Qxd4 22. Nxf7 Rd5 23. Ne5 Bxe5 24. fxe5 1-0

[Event "Titled Tue 24th Jun Late"]
[Site "chess.com INT"]
[Date "2025.06.24"]
[Round "3"]
[White "Bold, Andre"]
[Black "Haug, Havard"]
[Result "0-1"]
[WhiteTitle "CM"]
[BlackTitle "FM"]
[WhiteElo "2235"]
[BlackElo "2354"]
[WhiteFideId "16208471"]
[BlackFideId "1547887"]
[EventDate "2025.06.24"]

1. d4 Nf6 2. Nc3 d5 3. Bf4 Bd7 4. e3 e6 5. Nf3 Bd6 6. Bxd6 cxd6 7. Be2 O-O 8.
O-O Bc6 9. b4 a6 10. a4 b6 11. b5 axb5 12. Bxb5 Bxb5 13. axb5 Nbd7 14. Ra6 Qc7
15. Qa1 Rxa6 16. bxa6 Ra8 17. Nb5 Qc6 18. Rb1 Ne4 19. Qa2 Kf8 20. a7 Ke7 21. Ne1
Nc3 22. Nxc3 Qxc3 23. Nd3 Qa5 24. Qxa5 bxa5 25. Rb7 Kd8 26. Kf1 Kc8 27. Rb2 Rxa7
28. Ke2 Kc7 29. Kd2 Nb6 30. Kc3 Na4+ 31. Kb3 Nxb2 32. Nxb2 Kc6 33. c4 dxc4+ 34.
Nxc4 d5 35. Ne5+ Kb5 36. Nd3 a4+ 37. Ka3 Rc7 38. Nc5 Rxc5 39. dxc5 Kxc5 40. Kxa4
Kc4 41. Ka5 e5 0-1

[Event "Titled Tue 24th Jun Late"]
[Site "chess.com INT"]
[Date "2025.06.24"]
[Round "3"]
[White "Daianu, Cristian-Clement"]
[Black "Alfonso Durban, Xavier"]
[Result "0-1"]
[WhiteTitle "FM"]
[BlackTitle "CM"]
[WhiteElo "2205"]
[BlackElo "2189"]
[WhiteFideId "1208926"]
[BlackFideId "2271532"]
[EventDate "2025.06.24"]

1. e4 c5 2. Nf3 e6 3. d4 cxd4 4. Nxd4 Nc6 5. Nc3 Qc7 6. Be2 Nf6 7. O-O a6 8. Be3
Be7 9. Kh1 O-O 10. f4 d6 11. Qe1 Nxd4 12. Bxd4 b5 13. a3 Bb7 14. Bf3 Rad8 15.
Qg3 Ne8 16. Rad1 Bf6 17. e5 dxe5 18. fxe5 Be7 19. Ne4 Bxe4 20. Bxe4 g6 21. Be3
Rxd1 22. Rxd1 Ng7 23. Bh6 Rd8 24. Rf1 Rd4 25. Bd3 Rd5 26. Bxg7 Kxg7 27. Re1 Qc5
28. h3 Qd4 29. b4 Bh4 30. Qe3 Bxe1 31. Qxe1 Rxe5 32. Qf1 Qc3 33. Qf3 Re1+ 34.
Kh2 Qe5+ 0-1

[Event "Titled Tue 24th Jun Late"]
[Site "chess.com INT"]
[Date "2025.06.24"]
[Round "3"]
[White "Vemparala, Nikash"]
[Black "Sobek, Jaroslav"]
[Result "1-0"]
[WhiteTitle "CM"]
[BlackTitle "FM"]
[WhiteElo "2187"]
[BlackElo "2195"]
[WhiteFideId "30960967"]
[BlackFideId "301388"]
[EventDate "2025.06.24"]

1. e4 c5 2. Nf3 a6 3. c4 Nc6 4. d4 cxd4 5. Nxd4 e5 6. Nf5 d5 7. cxd5 Bxf5 8.
exf5 Nd4 9. Nc3 Nf6 10. g4 Nxd5 11. Bg2 Bb4 12. Bd2 Bxc3 13. bxc3 Nc6 14. O-O
O-O 15. Qf3 Nb6 16. Rad1 Qe7 17. g5 Nc4 18. f6 Qc5 19. Qh5 gxf6 20. gxf6 Kh8 21.
Bh6 Rg8 22. Qxf7 1-0

[Event "Titled Tue 24th Jun Late"]
[Site "chess.com INT"]
[Date "2025.06.24"]
[Round "3"]
[White "Jasinski, Alexander"]
[Black "Garcia Alvarez, Diego"]
[Result "0-1"]
[WhiteElo "1989"]
[BlackElo "2124"]
[WhiteFideId "55627994"]
[BlackFideId "32094795"]
[EventDate "2025.06.24"]

1. e4 c5 2. Nf3 e6 3. g3 d6 4. Bg2 Nf6 5. Qe2 Nc6 6. O-O Be7 7. c3 e5 8. Rd1 Qc7
9. Na3 a6 10. Nc2 O-O 11. d4 cxd4 12. cxd4 Bg4 13. h3 Bxf3 14. Qxf3 exd4 15.
Nxd4 Nxd4 16. Rxd4 Nd7 17. Bf4 Ne5 18. Bxe5 dxe5 19. Rd5 Rac8 20. Rad1 Rfd8 21.
Qf5 Rxd5 22. Rxd5 Rd8 23. Qxe5 Qxe5 24. Rxe5 Bf6 25. Rc5 Bxb2 26. Rc7 b5 27. f4
g6 28. e5 Rd2 29. Rc8+ Kg7 30. a4 bxa4 31. Ra8 a3 32. Rxa6 Bd4+ 33. Kh2 a2 0-1

[Event "Titled Tue 24th Jun Late"]
[Site "chess.com INT"]
[Date "2025.06.24"]
[Round "3"]
[White "Grahn, Vidar"]
[Black "Amaya, Brayan Angel"]
[Result "1-0"]
[WhiteTitle "FM"]
[WhiteElo "2239"]
[BlackElo "1903"]
[WhiteFideId "1744780"]
[BlackFideId "39909646"]
[EventDate "2025.06.24"]

1. e4 d5 2. exd5 Qxd5 3. Nc3 Qa5 4. d4 c6 5. Nf3 Nf6 6. Bc4 Bg4 7. h3 Bxf3 8.
Qxf3 e6 9. O-O Bd6 10. Bd2 Qc7 11. Bg5 Nbd7 12. Rfe1 O-O 13. Rad1 Rfe8 14. Bd3
Nd5 15. Ne4 Bh2+ 16. Kh1 Bf4 17. c4 Bxg5 18. Nxg5 N5f6 19. Bxh7+ Nxh7 20. Qxf7+
Kh8 21. Nxh7 Rac8 22. Qh5 Kg8 23. Re4 Nb6 24. Ng5 g6 25. Qxg6+ Qg7 26. Qh5 Qh8
27. Qf7# 1-0

[Event "Titled Tue 24th Jun Late"]
[Site "chess.com INT"]
[Date "2025.06.24"]
[Round "3"]
[White "Mammadov, Sadig"]
[Black "Radil, Casper"]
[Result "1-0"]
[WhiteTitle "IM"]
[BlackTitle "CM"]
[WhiteElo "2395"]
[BlackElo "2206"]
[WhiteFideId "13408712"]
[BlackFideId "1410164"]
[EventDate "2025.06.24"]

1. Nf3 Nf6 2. b3 d5 3. Bb2 e6 4. e3 Be7 5. Be2 O-O 6. O-O b6 7. c4 Bb7 8. d3
Nbd7 9. Nbd2 Re8 10. Rc1 Nf8 11. Rc2 Ng6 12. Qa1 c5 13. Rd1 Qc7 14. Ne5 Rad8 15.
Ndf3 dxc4 16. bxc4 Nf8 17. Ng5 Ng6 18. Ngxf7 Nxe5 19. Bxe5 Qc6 20. Bf3 Qc8 21.
Bxb7 Qxb7 22. Nxd8 Rxd8 23. Bxf6 Bxf6 24. d4 Qe4 25. Rcd2 cxd4 26. exd4 Rf8 27.
Qb1 Qg4 28. h3 Qh5 29. Qe4 e5 30. dxe5 Bxe5 31. Qd5+ Kh8 32. Qf3 Qxf3 33. gxf3
h6 34. Kg2 Rf4 35. Rd5 Bf6 36. Rc1 Be7 37. Rd7 Bc5 38. Rxa7 Rd4 39. Rc2 Rd6 40.
a4 Rg6+ 41. Kf1 Rf6 42. Rc3 Bd4 43. Rd3 Bc5 44. Rc7 Rf4 45. a5 Rxc4 46. axb6
Rc1+ 47. Kg2 Rc2 48. Rxc5 Rxc5 49. Rd8+ Kh7 50. b7 Rb5 51. b8=Q Rxb8 52. Rxb8
Kg6 53. Rb6+ Kh5 54. Kg3 g5 55. Rb5 Kg6 56. f4 gxf4+ 57. Kxf4 h5 58. Rb6+ Kh7
59. Kg5 h4 60. f4 Kg7 61. Rb7+ Kf8 62. f5 Kg8 63. Kf6 Kh8 64. Kg6 Kg8 65. Rb8# 1-0